Theory of dielectric optical waveguides (Record no. 4131)

000 -LEADER
fixed length control field 00574nam a2200205 a 4500
001 - CONTROL NUMBER
control field 4131
003 - CONTROL NUMBER IDENTIFIER
control field BD-DhUET
008 - FIXED-LENGTH DATA ELEMENTS--GENERAL INFORMATION
fixed length control field 900821s1991 maua b 001 0 eng
020 ## - INTERNATIONAL STANDARD BOOK NUMBER
International Standard Book Number 0124709516
040 ## - CATALOGING SOURCE
Original cataloging agency DLC
Transcribing agency DLC
Modifying agency BD-DhUET
082 ## - DEWEY DECIMAL CLASSIFICATION NUMBER
Classification number 623.81
Item number MAR/1991
100 ## - MAIN ENTRY--PERSONAL NAME
Personal name Marcuse, Dietrich
245 10 - TITLE STATEMENT
Title Theory of dielectric optical waveguides
Statement of responsibility, etc. by Dietrich Marcuse
250 ## - EDITION STATEMENT
Edition statement 2nd ed.
260 ## - PUBLICATION, DISTRIBUTION, ETC. (IMPRINT)
Place of publication, distribution, etc. New york
Name of publisher, distributor, etc. Academic Press
Date of publication, distribution, etc. 1991
300 ## - PHYSICAL DESCRIPTION
Extent Ixv, 381p.
Other physical details ill.
Dimensions 24 cm.
504 ## - BIBLIOGRAPHY, ETC. NOTE
Bibliography, etc Includes bibliographies
650 #0 - SUBJECT ADDED ENTRY--TOPICAL TERM
Topical term or geographic name as entry element Dielectric optical waveguides
942 ## - ADDED ENTRY ELEMENTS (KOHA)
Koha item type General Book
Holdings
Source of classification or shelving scheme Koha normalized classification for sorting Koha date last borrowed Sublocation or collection (holding branch) Koha full call number Lost status Damaged status Koha item type Location (home branch) Koha date last seen Not for loan Price effective from Piece designation (barcode) Date acquired Copy number Koha issues (times borrowed) Withdrawn status Shelving location
 623_810000000000000_MAR_19912015-05-19Central Library, BUET623.81/MAR/1991  General BookCentral Library, BUET2015-09-07 2014-11-12889622014-11-1211 Circulation section
 623_810000000000000_MAR_1991 Central Library, BUET623.81/MAR/1991  Reading ItemCentral Library, BUET2015-06-25 2015-06-25889732015-06-253  Reading section
 623_810000000000000_MAR_19912017-04-01Central Library, BUET623.81/MAR/1991  General BookCentral Library, BUET2018-04-25 2017-03-15889612017-03-1541 Circulation section